000 00614nam a2200133 a 4500
001 000037663
005 20201002031111.0
008 121024s2007 pe 000 0 spa d
040 _aDO-SdBNP
_bspa
_cBNPHU
100 1 _aVéliz Muñoz, Francisco Enrique
_964133
245 1 0 _aManual teórico práctico de redacción general :
_bprocedimientos modernos para redactar con propiedad correspondencias de índole: administrativa, comercial y empresarial, particular, familiar, legal y judicial /
_cFrancisco Enrique Véliz Muñoz, Orlando Almeyda Sáenz.
260 _aLima :
_bMirbet,
_c2007.
300 _a143 p. : ;
_c21 cm.
999 _c37153
_d37153